000 00466nam a2200157Ia 4500
008 100122s9999 xx 000 0 und d
082 _b75262
_a823.08
100 _aधारप नारायण
245 _aमहंतांचे प्रस्थान
250 _a1
260 _c2008
300 _a144
630 _aमहंतांचे प्रस्थान
730 _aमहंतांचे प्रस्थान
942 _cBOOK
999 _c391339
_d391336